Alle Belgische achtbanen - Statistieken

Algemene statistieken
  • Deze quiz is 22 keer genomen
  • De gemiddelde score is 23 van 36
Antwoordstatistieken
Hint Achtbaan % Correct
Plopsaland De Panne Anubis: The Ride
86%
Walibi Belgium Cobra
86%
Bobbejaanland Fury
86%
Plopsaland De Panne Heidi The Ride
86%
Bobbejaanland Typhoon
86%
Walibi Belgium Kondaa
79%
Bobbejaanland Oki Doki
79%
Plopsaland De Panne The Ride to Happiness by Tomorrowland
79%
Bobbejaanland Bob Express
71%
Bellewaerde Park Boomerang
71%
Bobbejaanland Dreamcatcher
71%
Bobbejaanland Naga Bay
71%
Walibi Belgium Pulsar
71%
Bobbejaanland Revolution
71%
Bobbejaanland Speedy Bob
71%
Walibi Belgium Calamity Mine
64%
Plopsaland De Panne De Draak
64%
Plopsaland De Panne K3 Roller Skater
64%
Plopsaland De Panne #LikeMe Coaster
64%
Walibi Belgium Tiki Waka
64%
Walibi Belgium Vampire
64%
Bellewaerde Park Wakala
64%
Walibi Belgium Weerwolf
64%
Bellewaerde Park Dawson Duel
57%
Walibi Belgium Fun Pilot
57%
Bellewaerde Park Huracan
57%
Plopsa Indoor Hasselt Wickie Coaster
57%
Plopsa Coo De Smurfer
50%
Boudewijn Seapark Orca Ride
50%
Walibi Belgium Psyké Underground
50%
Plopsaland De Panne SuperSplash
50%
Plopsa Coo Wickie The Ride
50%
Bellewaerde Park Brazilian Buggies
43%
Beverland Maaseik Butterfly
43%
Mega Speelstad Butterfly
43%
Mega Speelstad Disco Twister
36%
Geen overeenkomende quizzen gevonden
Scoreverdeling
Procent van Mensen met Elke Score
Percentiel versus Aantal Correcte Antwoorden
Uw Scoregeschiedenis
U heeft deze quiz nog niet genomen